Technické normy 2 seznam platných státních a oborových československých norem a norem RVHP
Salvato in:
| Natura: | Libro |
|---|---|
| Lingua: | ceco |
| Pubblicazione: |
Praha
Úřad pro norm. a měření
1982
|
| Tags: |
Nessun Tag, puoi essere il primo ad aggiungerne!!
|
MARC
| LEADER | 00000nam a2200000 4500 | ||
|---|---|---|---|
| 001 | c119528 | ||
| 005 | 20221220100043.0 | ||
| 041 | 0 | |a cze | |
| 044 | |a CZ | ||
| 245 | 1 | 0 | |a Technické normy 2 |b seznam platných státních a oborových československých norem a norem RVHP |
| 264 | 1 | |a Praha |b Úřad pro norm. a měření |c 1982 | |
| 300 | |a 799 s. | ||